000 00512nam a2200181Ia 4500
008 100920s9999 xx 000 0 und d
082 _b99582
_a4 न 07
100 _aSHARMA ROBIN.
245 _aTHE MONK WHO SOLD HIS FERRARI.
260 _bJAICO PUBLISHING HOUSE.DELHI.
_c2007
300 _a198
_bसाधी
365 _b175
520 _aई. एल.डी.
630 _aTHE MONK WHO SOLD HIS FERRARI.
650 _aई. एल.डी.
730 _aTHE MONK WHO SOLD HIS FERRARI.
942 _cBOOK
999 _c740020
_d740017